Inorganic chemistry /

Detalles Bibliográficos
Otros Autores: Weller, Mark, Overton, Tina, Rourke, Jonathan, Armstrong, F. A.
Formato: Libro
Lenguaje:English
Publicado: Oxford, England ; India : Oxford University Press, 2018 [first impression].
Edición:International edition
Materias:
Classic Catalogue: View this record in Classic Catalogue
LEADER 04773nam a22004577a 4500
001 43852
003 BD-DhAAL
005 20250422115442.0
008 241215t20182014ii a|||| b||| 001 0 eng d
020 |a 9780198825906 
040 |a BD-DhAAL  |c BD-DhAAL 
082 |a 546  |2 23 
245 |a Inorganic chemistry /  |c Mark Weller ... [et al.]. 
250 |a International edition 
260 |a Oxford, England ;  |a India :  |b Oxford University Press,  |c 2018 [first impression]. 
300 |a xv, 870 pages :  |b illustrations ;  |c 28 cm 
500 |a Previous edition: 2014 
504 |a Includes bibliographical references and index. 
526 |a PHR  |x Dr. Hasina Yasmin, Assistant Dean and Program Director Course name: Inorganic Chemistry I and II (PHR 101 and PHR 105)  
541 |a Trim Education  |e 43853, 43854, 43855, 44338, 44339, 44340, 44341, 44342, 44343, 44344, 44347, 44348 
650 |a Chemistry, Inorganic. 
650 |a Pharmacy. 
700 |a Weller, Mark.  |9 57310 
700 |a Overton, Tina.  |9 57310 
700 |a Rourke, Jonathan.  |9 57311 
700 |a Armstrong, F. A.  |9 57312 
852 |a Ayesha Abed Library  |c General Stacks 
942 |2 ddc  |c BK 
999 |c 46852  |d 46852 
952 |0 0  |1 0  |2 ddc  |4 0  |6 546_000000000000000_INO  |7 0  |9 77027  |a BRACUL  |b BRACUL  |c GEN  |d 2024-12-11  |e Trim Education  |g 2350.00  |l 1  |m 1  |o 546 INO  |p 3010043854  |r 2025-03-16  |s 2025-03-12  |t 2  |v 2350.00  |w 2024-12-11  |y BK  |x Requisitioned by Dr. Hasina Yesmin for the course named- "Inorganic Chemistry I and II (PHR 101 and PHR 105)". 
952 |0 0  |1 0  |2 ddc  |4 0  |6 546_000000000000000_INO  |7 0  |9 77028  |a BRACUL  |b BRACUL  |c GEN  |d 2024-12-11  |e Trim Education  |g 2350.00  |l 0  |o 546 INO  |p 3010043855  |r 2024-12-11  |t 3  |v 2350.00  |w 2024-12-11  |y BK  |x Requisitioned by Dr. Hasina Yesmin for the course named- "Inorganic Chemistry I and II (PHR 101 and PHR 105)". 
952 |0 0  |1 0  |2 ddc  |4 0  |6 546_000000000000000_INO  |7 0  |9 77029  |a BRACUL  |b BRACUL  |c GEN  |d 2024-12-11  |e Trim Education  |g 2350.00  |l 1  |m 1  |o 546 INO  |p 3010043853  |r 2025-03-04  |s 2025-02-18  |t 1  |v 2350.00  |w 2024-12-11  |y BK  |x Requisitioned by Dr. Hasina Yesmin for the course named- "Inorganic Chemistry I and II (PHR 101 and PHR 105)". 
952 |0 0  |1 0  |2 ddc  |4 0  |6 546_000000000000000_INO  |7 0  |9 77578  |a BRACUL  |b BRACUL  |c GEN  |d 2025-04-16  |e Trim Education  |g 2350.00  |l 0  |o 546 INO  |p 3010044339  |r 2025-04-16  |t 5  |v 2350.00  |w 2025-04-16  |y BK  |x Requisitioned by Dr. Hasina Yesmin for the course named- "Inorganic Chemistry I and II (PHR 101 and PHR 105)". 
952 |0 0  |1 0  |2 ddc  |4 0  |6 546_000000000000000_INO  |7 0  |9 77579  |a BRACUL  |b BRACUL  |c GEN  |d 2025-04-16  |e Trim Education  |g 2350.00  |l 1  |o 546 INO  |p 3010044338  |r 2025-12-09  |s 2025-12-09  |t 4  |v 2350.00  |w 2025-04-16  |y BK  |x Requisitioned by Dr. Hasina Yesmin for the course named- "Inorganic Chemistry I and II (PHR 101 and PHR 105)". 
952 |0 0  |1 0  |2 ddc  |4 0  |6 546_000000000000000_INO  |7 0  |9 77580  |a BRACUL  |b BRACUL  |c GEN  |d 2025-04-16  |e Trim Education  |g 2350.00  |l 0  |o 546 INO  |p 3010044341  |r 2025-04-16  |t 7  |v 2350.00  |w 2025-04-16  |y BK  |x Requisitioned by Dr. Hasina Yesmin for the course named- "Inorganic Chemistry I and II (PHR 101 and PHR 105)". 
952 |0 0  |1 0  |2 ddc  |4 0  |6 546_000000000000000_INO  |7 0  |9 77581  |a PHR  |b PHR  |d 2025-04-16  |e Trim Education  |g 1950.00  |l 0  |o 546 INO  |p 3010044348  |r 2025-04-16  |t 12  |v 2350.00  |w 2025-04-16  |y BK  |x Requisitioned by Dr. Hasina Yesmin for the course named- "Inorganic Chemistry I and II (PHR 101 and PHR 105)". 
952 |0 0  |1 0  |2 ddc  |4 0  |6 546_000000000000000_INO  |7 0  |9 77582  |a BRACUL  |b BRACUL  |c GEN  |d 2025-04-16  |e Trim Education  |g 2350.00  |l 0  |o 546 INO  |p 3010044343  |r 2025-04-16  |t 10  |v 2350.00  |w 2025-04-16  |y BK  |x Requisitioned by Dr. Hasina Yesmin for the course named- "Inorganic Chemistry I and II (PHR 101 and PHR 105)".  
952 |0 0  |1 0  |2 ddc  |4 0  |6 546_000000000000000_INO  |7 0  |9 77583  |a BRACUL  |b BRACUL  |c GEN  |d 2025-04-16  |e Trim Education  |g 2350.00  |l 0  |o 546 INO  |p 3010044342  |r 2025-04-16  |t 8  |v 2350.00  |w 2025-04-16  |y BK  |x Requisitioned by Dr. Hasina Yesmin for the course named- "Inorganic Chemistry I and II (PHR 101 and PHR 105)". 
952 |0 0  |1 0  |2 ddc  |4 0  |6 546_000000000000000_INO  |7 0  |9 77584  |a BRACUL  |b BRACUL  |c GEN  |d 2025-04-16  |e Trim Education  |g 2350.00  |l 0  |o 546 INO  |p 3010044340  |r 2025-04-16  |t 6  |v 2350.00  |w 2025-04-16  |y BK  |x Requisitioned by Dr. Hasina Yesmin for the course named- "Inorganic Chemistry I and II (PHR 101 and PHR 105)". 
952 |0 0  |1 0  |2 ddc  |4 0  |6 546_000000000000000_INO  |7 0  |9 77586  |a PHR  |b PHR  |d 2025-04-16  |e Trim Education  |g 1950.00  |l 0  |o 546 INO  |p 3010044347  |r 2025-04-16  |t 11  |v 1950.00  |w 2025-04-16  |y BK  |x Requisitioned by Dr. Hasina Yesmin for the course named- "Inorganic Chemistry I and II (PHR 101 and PHR 105)". 
952 |0 0  |1 0  |2 ddc  |4 0  |6 546_000000000000000_INO  |7 0  |9 77587  |a BRACUL  |b BRACUL  |c GEN  |d 2025-04-16  |e Trim Education  |g 1950.00  |l 0  |o 546 INO  |p 3010044344  |r 2025-04-16  |t 9  |v 1950.00  |w 2025-04-16  |y BK  |x Requisitioned by Dr. Hasina Yesmin for the course named- "Inorganic Chemistry I and II (PHR 101 and PHR 105)".